Rescue from without? Italian social policies 1970-1999 and the challenges of internationalization

Enregistré dans:
Détails bibliographiques
Auteur principal: Ferrera, Maurizio
Autres auteurs: Gualmini, Elisabetta
Format: Livre
Langue:anglais
Publié: San Domenico (FI) European University Institute 1999
Collection:EUI Working Paper EUF No. 99/13
Sujets:
Tags: Ajouter un tag
Pas de tags, Soyez le premier à ajouter un tag!

MARC

LEADER 00000nam a2200000 4500
001 c131985
005 20221108124041.0
041 0 |a eng 
044 |a IT 
245 1 0 |a Rescue from without?  |b Italian social policies 1970-1999 and the challenges of internationalization  |c Maurizio Ferrera, Elisabetta Gualmini 
264 1 |a San Domenico (FI)  |b European University Institute  |c 1999 
300 |a 58 s. 
490 1 |a EUI Working Paper EUF  |v No. 99/13 
830 0 |a EUI Working Paper EUF  |v No. 99/13 
610 2 0 |a politika sociálna 
610 2 0 |a internacionalizácia 
610 2 0 |a Taliansko 
100 1 |a Ferrera, Maurizio 
700 1 |a Gualmini, Elisabetta